Fundamentals of Human Resource Management (E Book) (Record no. 208707)
[ view plain ]
| 000 -LEADER | |
|---|---|
| fixed length control field | 01419 a2200181 4500 |
| 003 - CONTROL NUMBER IDENTIFIER | |
| control field | Nust |
| 005 - DATE AND TIME OF LATEST TRANSACTION | |
| control field | 20170207164336.0 |
| 020 ## - INTERNATIONAL STANDARD BOOK NUMBER | |
| International Standard Book Number | 978-0470-16968-1 |
| 040 ## - CATALOGING SOURCE | |
| Transcribing agency | Nust |
| 100 ## - MAIN ENTRY--PERSONAL NAME | |
| Personal name | DeCenzo, David A, Robbins, Stephen P. |
| 245 ## - TITLE STATEMENT | |
| Title | Fundamentals of Human Resource Management (E Book) |
| Statement of responsibility, etc. | DeCenzo, David A, Robbins, Stephen P. |
| 250 ## - EDITION STATEMENT | |
| Edition statement | 10th ed. |
| 260 ## - PUBLICATION, DISTRIBUTION, ETC. | |
| Place of publication, distribution, etc. | New York |
| Name of publisher, distributor, etc. | John Wiley & Sons |
| Date of publication, distribution, etc. | 2010 |
| 300 ## - PHYSICAL DESCRIPTION | |
| Extent | 436p |
| 505 ## - FORMATTED CONTENTS NOTE | |
| Formatted contents note | PART 1 UNDERSTANDING HRM Chapter 1 The Dynamic Environment of HRM 2 Chapter 2 Fundamentals of Strategic HRM 28 PART 2 THE LEGAL AND ETHICAL CONTEXT OF HRM Chapter 3 Equal Employment Opportunity 56 Chapter 4 Employee Rights and Discipline 84 PART 3 STAFFING THE ORGANIZATION Chapter 5 Human Resource Planning and Job Analysis 110 Chapter 6 Recruiting 132 Chapter 7 Foundations of Selection 154 PART 4 TRAINING AND DEVELOPMENT Chapter 8 Socializing, Orienting, and Developing Employees 182 Chapter 9 Managing Careers 208 PART 5 MAINTAINING HIGH PERFORMANCE Chapter 10 Establishing the Performance Management System 230 Chapter 11 Establishing Rewards and Pay Plans 260 Chapter 12 Employee Benefits 286 Chapter 13 Ensuring a Safe and Healthy Work Environment 312 PART 6 LABOR–MANAGEMENT ENVIRONMENTS Chapter 14 Understanding Labor Relations and Collective Bargaining 340 Endnotes 367 Glossary 389 Company Index 395 Subject Index 39 |
| 538 ## - SYSTEM DETAILS NOTE | |
| System details note | E Book |
| 650 ## - SUBJECT ADDED ENTRY--TOPICAL TERM | |
| Topical term or geographic name entry element | Human Resource Management |
| 942 ## - ADDED ENTRY ELEMENTS (KOHA) | |
| Source of classification or shelving scheme | |
| Koha item type | Book |
| Withdrawn status | Lost status | Source of classification or shelving scheme | Damaged status | Not for loan | Collection code | Permanent Location | Current Location | Date acquired | Total Checkouts | Full call number | Barcode | Date last seen | Price effective from | Koha item type |
|---|---|---|---|---|---|---|---|---|---|---|---|---|---|---|
| Military College of Signals (MCS) | Military College of Signals (MCS) | 12/12/2016 | 658.3 DEC | MCSEB-1035 | 12/08/2016 | 12/12/2016 | Book |
